[Event "29th Münsterland Open"]
[Site "Senden"]
[Date "2011.10.21"]
[Round "1.1"]
[White "Landa, Konstantin"]
[Black "Meyer, Ulrich"]
[Result "1-0"]
[WhiteElo "2613"]
[BlackElo "2019"]
[PlyCount "49"]
[EventDate "2011.??.??"]

1. d4 d5 2. c4 e6 3. Nc3 Nf6 4. cxd5 exd5 5. Bg5 c6 6. Qc2 h6 7. Bh4 Bd6 8. e3
O-O 9. Bd3 Re8 10. Nge2 Nbd7 11. h3 Qc7 12. g4 Nf8 13. O-O-O g5 14. Bg3 Ne4 15.
Bxe4 dxe4 16. Bxd6 Qxd6 17. Ng3 Qg6 18. Ncxe4 b6 19. Nh5 Re6 20. f4 Rxe4 21.
Qxe4 f5 22. Qe7 Be6 23. fxg5 fxg4 24. gxh6 Qxh6 25. Nf6+ 1-0

[Event "29th Münsterland Open"]
[Site "Senden"]
[Date "2011.10.21"]
[Round "1.3"]
[White "Karpatchev, Aleksandr"]
[Black "Ollech, Dirk"]
[Result "1-0"]
[WhiteElo "2481"]
[BlackElo "2010"]
[PlyCount "43"]
[EventDate "2011.??.??"]

1. e4 c5 2. c3 d5 3. exd5 Qxd5 4. Nf3 g6 5. Na3 Bg7 6. Bc4 Qd8 7. d4 cxd4 8.
Qb3 e6 9. Bf4 a6 10. Nxd4 Ne7 11. O-O-O Qa5 12. Bxe6 fxe6 13. Nc4 Qd5 14. Nf3
Qc5 15. Nd6+ Kf8 16. Nxc8 Qxc8 17. Ng5 Nd5 18. Rxd5 exd5 19. Bd6+ Ke8 20. Re1+
Kd7 21. Qxd5 Qc6 22. Qe6+ 1-0

[Event "29th Münsterland Open"]
[Site "Senden"]
[Date "2011.10.21"]
[Round "1.5"]
[White "van der Weide, Karel"]
[Black "Kaufhold, Thomas"]
[Result "1-0"]
[WhiteElo "2449"]
[BlackElo "2009"]
[PlyCount "141"]
[EventDate "2011.??.??"]

1. e4 Nf6 2. e5 Nd5 3. d4 d6 4. Nf3 g6 5. Bc4 c6 6. O-O Bg7 7. exd6 Qxd6 8. Re1
Bg4 9. Nbd2 O-O 10. h3 Bxf3 11. Nxf3 Nd7 12. Bg5 e6 13. Qd2 b5 14. Bf1 a6 15.
Rad1 N7b6 16. c3 c5 17. dxc5 Qxc5 18. Bh6 Rfd8 19. Bxg7 Kxg7 20. Ne5 Nf6 21.
Qf4 Rd5 22. Rxd5 Nbxd5 23. Qf3 h5 24. a4 Rb8 25. axb5 axb5 26. Bd3 Qc7 27. Qg3
Ne7 28. Qf4 Rb7 29. Qg5 Nh7 30. Qg3 Nf6 31. Re3 Nc6 32. Nxc6 Qxc6 33. Be2 Ra7
34. Qe5 Ra1+ 35. Kh2 Qd5 36. Bxb5 Rb1 37. b4 Qxe5+ 38. Rxe5 Nd5 39. Bc6 Nxc3
40. b5 Nd5 41. h4 Kf6 42. Rg5 Rb4 43. g3 Nc7 44. Rc5 Ke7 45. f4 Kd6 46. Re5
Rb2+ 47. Kh3 Nd5 48. Re1 Nf6 49. Rg1 Nd5 50. Rg2 Rb1 51. Rd2 Rb3 52. Kg2 Rb1
53. Kf2 Rb3 54. Ra2 Nc7 55. Ra7 Rb2+ 56. Kf3 Rb3+ 57. Kg2 Rb2+ 58. Kh3 f6 59.
Rb7 Nd5 60. Rg7 Ne7 61. Be8 Rb3 62. Bxg6 Nxg6 63. Rxg6 Rxb5 64. Rxf6 Ke7 65.
Rg6 Rf5 66. Rg5 Kf6 67. Kg2 Rd5 68. Rxd5 exd5 69. Kf3 Kf5 70. Ke3 Kg4 71. Kd4
1-0

[Event "29th Münsterland Open"]
[Site "Senden"]
[Date "2011.10.21"]
[Round "1.6"]
[White "Haselhorst, Helmut"]
[Black "Schulze, Ulrich"]
[Result "0-1"]
[WhiteElo "2002"]
[BlackElo "2323"]
[PlyCount "78"]
[EventDate "2011.??.??"]

1. d4 Nf6 2. Nf3 g6 3. c4 Bg7 4. Nc3 d5 5. Bg5 dxc4 6. e4 Bg4 7. Bxc4 Bxf3 8.
gxf3 O-O 9. Qd2 Nfd7 10. O-O-O Nb6 11. Be2 Nc6 12. d5 Nd4 13. Kb1 c6 14. dxc6
bxc6 15. Bh6 e5 16. Bxg7 Kxg7 17. f4 f6 18. h4 Qe7 19. h5 g5 20. h6+ Kh8 21. f5
Rfd8 22. Qc1 Rab8 23. Bd3 c5 24. Ka1 c4 25. Bf1 Qb4 26. f4 gxf4 27. Rh2 Rd7 28.
Rhd2 Rbd8 29. Kb1 Qf8 30. Nd5 Nxd5 31. exd5 Rxd5 32. Qxc4 f3 33. Bd3 Qxh6 34.
Be4 R5d6 35. Bxf3 Qf4 36. Bg2 Qxf5+ 37. Qd3 Qxd3+ 38. Rxd3 f5 39. Rc3 Ne2 0-1

[Event "29th Münsterland Open"]
[Site "Senden"]
[Date "2011.10.21"]
[Round "1.7"]
[White "Torres-Kuckel, Rafael"]
[Black "Gläser, Wilfried"]
[Result "1-0"]
[WhiteElo "2243"]
[BlackElo "1996"]
[PlyCount "49"]
[EventDate "2011.??.??"]

1. e4 e5 2. Nf3 Nc6 3. Bb5 a6 4. Ba4 Nf6 5. d4 exd4 6. O-O Be7 7. e5 Ne4 8.
Nxd4 Nxd4 9. Qxd4 Nc5 10. Nc3 O-O 11. Nd5 b5 12. Bb3 Nxb3 13. axb3 Bb7 14. Bf4
c5 15. Qd2 Bc6 16. Rfe1 Re8 17. Rad1 Ra7 18. h3 a5 19. Qe3 Rb7 20. Qg3 Kh8 21.
Be3 a4 22. Qg4 axb3 23. cxb3 Ra7 24. b4 Ra2 25. bxc5 1-0

[Event "29th Münsterland Open"]
[Site "Senden"]
[Date "2011.10.21"]
[Round "1.8"]
[White "Müller, Achim (Rheinbach)"]
[Black "Böhm, Jürgen"]
[Result "0-1"]
[WhiteElo "1992"]
[BlackElo "2218"]
[PlyCount "86"]
[EventDate "2011.??.??"]

1. d4 d5 2. Nf3 Nf6 3. c4 c6 4. Nc3 e6 5. Bg5 dxc4 6. e4 b5 7. e5 h6 8. Bh4 g5
9. Nxg5 hxg5 10. Bxg5 Nbd7 11. exf6 Bb7 12. g3 c5 13. d5 Qb6 14. Bg2 b4 15. Ne2
O-O-O 16. O-O exd5 17. Bxd5 Nxf6 18. Bxb7+ Kxb7 19. Qc2 Rd5 20. Bxf6 Qxf6 21.
Qe4 Qc6 22. Qxc4 Rxh2 23. Qe4 Rdh5 24. Qxc6+ Kxc6 25. b3 Bg7 26. Rac1 Bb2 27.
Rcd1 Bd4 28. Rc1 Be3 29. fxe3 Rxe2 30. Rf2 Rxf2 31. Kxf2 Rh2+ 32. Kf3 Rxa2 33.
Rb1 c4 34. bxc4 Kc5 35. Ke4 a5 36. Kd3 Ra3+ 37. Kd2 Kxc4 38. Rc1+ Rc3 39. Ra1
Kb5 40. Rf1 Rc7 41. Rf5+ Ka4 42. Rf4 Kb3 43. Kd3 a4 0-1

[Event "29th Münsterland Open"]
[Site "Senden"]
[Date "2011.10.21"]
[Round "1.9"]
[White "Sazanov, Nikolay"]
[Black "Rothkugel, Wolfgang"]
[Result "1-0"]
[WhiteElo "2218"]
[BlackElo "1990"]
[PlyCount "41"]
[EventDate "2011.??.??"]

1. d4 Nf6 2. e3 d6 3. f4 Bg4 4. Nf3 Nbd7 5. Bc4 e5 6. fxe5 dxe5 7. h3 Bxf3 8.
Qxf3 Bd6 9. O-O e4 10. Qf5 O-O 11. Nc3 g6 12. Qg5 Kg7 13. Qh4 Qe7 14. Bd2 Rae8
15. Ne2 Nb6 16. Bb3 Nh5 17. Qxe7 Rxe7 18. g4 Ng3 19. Nxg3 Bxg3 20. Kg2 Bh4 21.
Bb4 1-0

[Event "29th Münsterland Open"]
[Site "Senden"]
[Date "2011.10.22"]
[Round "2.1"]
[White "Joppien, Arne"]
[Black "Landa, Konstantin"]
[Result "0-1"]
[WhiteElo "2107"]
[BlackElo "2613"]
[PlyCount "96"]
[EventDate "2011.??.??"]

1. d4 Nf6 2. c4 e6 3. Nf3 d5 4. Bg5 Bb4+ 5. Nbd2 dxc4 6. e3 b5 7. Be2 Bb7 8.
O-O O-O 9. a4 a6 10. axb5 axb5 11. Rxa8 Bxa8 12. b3 c3 13. Bxf6 Qxf6 14. Nb1 c5
15. dxc5 Na6 16. Nd4 Nxc5 17. f3 Rd8 18. Qc2 Qe5 19. Kf2 Rxd4 20. exd4 Qxd4+
21. Kg3 g5 22. h3 Qf4+ 23. Kf2 Ne4+ 24. Ke1 Qg3+ 25. Kd1 Nf2+ 26. Rxf2 Qxf2 27.
Nxc3 Qd4+ 28. Qd2 Bxc3 29. Qxd4 Bxd4 30. Bxb5 h5 31. Ke2 Kg7 32. Kd3 e5 33. Bd7
Kg6 34. b4 f5 35. Be8+ Kh6 36. b5 Bb6 37. Bd7 e4+ 38. Ke2 f4 39. fxe4 Bxe4 40.
Kf1 Be3 41. Be8 g4 42. hxg4 hxg4 43. Bd7 Kg5 44. Be8 Kh4 45. Bd7 Bxg2+ 46. Kxg2
f3+ 47. Kh1 g3 48. b6 g2+ 0-1

[Event "29th Münsterland Open"]
[Site "Senden"]
[Date "2011.10.22"]
[Round "2.2"]
[White "Danin, Alexandre"]
[Black "Peterwitz, Klaus"]
[Result "1-0"]
[WhiteElo "2534"]
[BlackElo "2100"]
[PlyCount "72"]
[EventDate "2011.??.??"]

1. c4 Nf6 2. Nc3 d5 3. cxd5 Nxd5 4. g3 e5 5. Bg2 Nxc3 6. bxc3 Bd6 7. d3 c6 8.
Nf3 Nd7 9. O-O O-O 10. Nd2 Nf6 11. Nc4 Bc7 12. Rb1 Rb8 13. Qc2 a6 14. Be3 b5
15. Nd2 Bb7 16. c4 Bb6 17. Bxb6 Qxb6 18. Qb2 Rfe8 19. a4 Bc8 20. cxb5 cxb5 21.
axb5 axb5 22. Nc4 Qe6 23. Qb4 Rd8 24. Na5 Bd7 25. Nb7 Rdc8 26. Nc5 Qe7 27. Nxd7
Qxd7 28. Rb2 Ne8 29. Qe4 Qe6 30. Ra1 g6 31. Bf3 Nd6 32. Qb4 Kg7 33. Ra6 Qh3 34.
Rb1 Nf5 35. Bg4 Qh6 36. Bxf5 Rc1+ 1-0

[Event "29th Münsterland Open"]
[Site "Senden"]
[Date "2011.10.22"]
[Round "2.3"]
[White "Müller, Achim (Rheine)"]
[Black "Karpatchev, Aleksandr"]
[Result "0-1"]
[WhiteElo "2102"]
[BlackElo "2481"]
[PlyCount "88"]
[EventDate "2011.??.??"]

1. d4 Nc6 2. c4 e5 3. d5 Nce7 4. e4 Ng6 5. g3 Bb4+ 6. Bd2 Bxd2+ 7. Nxd2 d6 8.
h4 h6 9. Qc2 N8e7 10. h5 Nf8 11. Bh3 c6 12. Qa4 Nd7 13. O-O-O O-O 14. Qa3 Qc7
15. Kb1 Nc5 16. f4 cxd5 17. cxd5 exf4 18. gxf4 f5 19. e5 Nxd5 20. exd6 Qxd6 21.
Ngf3 b6 22. Nc4 Qxf4 23. Rd4 Qg3 24. Rxd5 Bb7 25. Rg1 Qxh3 26. Qc3 Rf7 27. Nce5
Qxh5 28. Nxf7 Qxf7 29. Rdd1 Bxf3 30. Qxf3 Ne4 31. Qg2 Rf8 32. Qh2 Ng5 33. Qf4
Nh3 34. Qxh6 Nxg1 35. Rxg1 f4 36. Qh4 f3 37. a3 f2 38. Rf1 Qe6 39. Qh1 a5 40.
Qg2 a4 41. Ka1 b5 42. Kb1 Qf5+ 43. Ka2 Qf3 44. Qg6 Qf7+ 0-1

[Event "29th Münsterland Open"]
[Site "Senden"]
[Date "2011.10.22"]
[Round "2.4"]
[White "Podzielny, Karl-Heinz"]
[Black "Ringwelski, Marius"]
[Result "1-0"]
[WhiteElo "2470"]
[BlackElo "2096"]
[PlyCount "49"]
[EventDate "2011.??.??"]

1. d4 Nf6 2. Nf3 g6 3. c4 Bg7 4. Nc3 d5 5. Bg5 dxc4 6. e4 Bg4 7. Bxc4 Bxf3 8.
gxf3 O-O 9. Be3 Nfd7 10. h4 Nb6 11. Bb3 Nc6 12. d5 Na5 13. h5 Nbc4 14. hxg6
Nxe3 15. gxf7+ Rxf7 16. fxe3 Qd6 17. f4 Bxc3+ 18. bxc3 Nxb3 19. axb3 Rg7 20.
Qd4 a5 21. Kf2 Rf8 22. e5 Qg6 23. Rag1 Qc2+ 24. Kf3 Rff7 25. Qe4 1-0

[Event "29th Münsterland Open"]
[Site "Senden"]
[Date "2011.10.22"]
[Round "2.5"]
[White "Hofene, Dieter"]
[Black "van der Weide, Karel"]
[Result "0-1"]
[WhiteElo "2080"]
[BlackElo "2449"]
[PlyCount "96"]
[EventDate "2011.??.??"]

1. d4 Nf6 2. c4 c5 3. d5 e6 4. Nc3 exd5 5. cxd5 d6 6. g3 g6 7. Bg2 Bg7 8. Nh3
O-O 9. O-O a6 10. a4 Nbd7 11. Bf4 Qe7 12. Qd2 Re8 13. Rae1 Rb8 14. Bh6 Bh8 15.
Bg5 b5 16. axb5 axb5 17. e4 b4 18. Ne2 Qf8 19. f3 Ba6 20. Bh6 Bg7 21. Bxg7 Qxg7
22. Nhf4 Ne5 23. Ra1 Ra8 24. Rfd1 g5 25. Nh3 g4 26. fxg4 Bxe2 27. Qxe2 Qxg4 28.
Qxg4+ Nexg4 29. Nf2 Kf8 30. Re1 Rxa1 31. Rxa1 Nxf2 32. Kxf2 Nxe4+ 33. Bxe4 Rxe4
34. Ra6 Ke7 35. Ra7+ Kf6 36. Rd7 Ke5 37. Rxf7 Rc4 38. Rxh7 Rc2+ 39. Ke3 Kxd5
40. g4 Rxb2 41. Rh5+ Kc4 42. g5 b3 43. Rh4+ Kc3 44. Kf3 Ra2 45. Rh8 b2 46. Rb8
Ra8 47. Rxa8 b1=Q 48. Rh8 Qf5+ 0-1

[Event "29th Münsterland Open"]
[Site "Senden"]
[Date "2011.10.22"]
[Round "2.7"]
[White "Gottkehaskamp, Philipp"]
[Black "Torres-Kuckel, Rafael"]
[Result "1/2-1/2"]
[WhiteElo "2058"]
[BlackElo "2243"]
[PlyCount "63"]
[EventDate "2011.??.??"]

1. e4 e5 2. Nf3 Nc6 3. d3 Nf6 4. g3 d5 5. Nbd2 Bc5 6. Bg2 dxe4 7. dxe4 O-O 8.
O-O Bg4 9. h3 Bh5 10. Qe2 Qe7 11. c3 a5 12. a4 Rad8 13. g4 Bg6 14. Nh4 Rfe8 15.
Nxg6 hxg6 16. Qb5 Bb6 17. Nc4 Na7 18. Qb3 Qe6 19. Bg5 Rd3 20. Bxf6 gxf6 21.
Rfd1 Rdd8 22. Rd5 Nc8 23. Rad1 Rxd5 24. exd5 Qd7 25. d6 e4 26. dxc7 Qxc7 27.
Nxb6 Nxb6 28. Rd4 e3 29. fxe3 Rxe3 30. Re4 Rxe4 31. Bxe4 Qg3+ 32. Bg2 1/2-1/2

[Event "29th Münsterland Open"]
[Site "Senden"]
[Date "2011.10.22"]
[Round "2.8"]
[White "Böhm, Jürgen"]
[Black "Althoff, Ralph"]
[Result "1-0"]
[WhiteElo "2218"]
[BlackElo "2059"]
[PlyCount "55"]
[EventDate "2011.??.??"]

1. d4 e6 2. e4 b6 3. Bd3 Bb7 4. c4 f5 5. exf5 Bb4+ 6. Kf1 Nf6 7. Bd2 Nc6 8. Nf3
O-O 9. Nc3 Ne7 10. fxe6 dxe6 11. Ne4 Bxd2 12. Nexd2 c5 13. Qe2 cxd4 14. Qxe6+
Kh8 15. Ng5 Qe8 16. Ndf3 h6 17. Ne5 hxg5 18. Qxe7 Qxe7 19. Ng6+ Kg8 20. Nxe7+
Kf7 21. Re1 Be4 22. Bxe4 Nxe4 23. Rxe4 Rfe8 24. Nf5 Rxe4 25. Nd6+ Kg6 26. Nxe4
Kf5 27. Ng3+ Kf4 28. Ke2 1-0

[Event "29th Münsterland Open"]
[Site "Senden"]
[Date "2011.10.22"]
[Round "2.9"]
[White "Hilpisch, Ralf"]
[Black "Sazanov, Nikolay"]
[Result "0-1"]
[WhiteElo "2053"]
[BlackElo "2218"]
[PlyCount "159"]
[EventDate "2011.??.??"]

1. e4 e6 2. d4 d5 3. Nc3 dxe4 4. Nxe4 b6 5. Nf3 Bb7 6. Bb5+ c6 7. Bd3 Nd7 8.
Bf4 Ndf6 9. Neg5 Bd6 10. Ne5 Nh6 11. Qf3 Qc7 12. O-O O-O-O 13. Qh3 Kb8 14. Bg3
Rdf8 15. Rfe1 Nd7 16. Ne4 Bxe5 17. dxe5 Nf5 18. Bf4 h6 19. Nd6 Nxd6 20. exd6
Qd8 21. Bg3 h5 22. Bf4 g5 23. Bd2 g4 24. Qe3 h4 25. Qg5 Qxg5 26. Bxg5 Rh5 27.
Be7 Rg8 28. Rad1 Kc8 29. Bf1 h3 30. g3 c5 31. Re3 Bc6 32. Ba6+ Kb8 33. Rde1 Rd5
34. Bd3 Rh5 35. b3 Kb7 36. a4 a6 37. Kf1 Bg2+ 38. Kg1 Rd5 39. f4 Rh5 40. Kf2
Bd5 41. Bh4 Rc8 42. c4 Bg2 43. Be2 Rg8 44. Bg5 Rhxg5 45. fxg5 Rxg5 46. Bd3 e5
47. Rd1 f5 48. Be2 Kc6 49. Rc3 Rg6 50. Rcd3 Re6 51. R3d2 Rf6 52. Kg1 Rf8 53. a5
bxa5 54. Ra1 Kb6 55. Rda2 Bb7 56. Rxa5 Rf6 57. b4 cxb4 58. c5+ Nxc5 59. d7 Rd6
60. Rxc5 Kxc5 61. Rd1 Bd5 62. Bxa6 Rxd7 63. Bc8 Rf7 64. Rc1+ Kd6 65. Rd1 b3 66.
Rd2 Kc5 67. Kf2 Rf6 68. Ke2 Be4 69. Kd1 Rd6 70. Rxd6 Kxd6 71. Kc1 Ke7 72. Kb2
Bc2 73. Kc3 Kf6 74. Bb7 f4 75. gxf4 exf4 76. Bc8 Kg5 77. Be6 Kh4 78. Kd2 g3 79.
hxg3+ fxg3 80. Bd5 0-1

[Event "29th Münsterland Open"]
[Site "Senden"]
[Date "2011.10.22"]
[Round "2.10"]
[White "Korth, Daniel"]
[Black "Starp, Klaus"]
[Result "1-0"]
[WhiteElo "2211"]
[BlackElo "2055"]
[PlyCount "115"]
[EventDate "2011.??.??"]

1. d4 Nf6 2. Nf3 g6 3. Bg5 Bg7 4. Nbd2 O-O 5. c3 d6 6. e4 Nbd7 7. Bd3 e5 8. O-O
c6 9. Qc2 Qc7 10. Rfe1 b6 11. Rad1 Bb7 12. a4 a6 13. h3 h6 14. Be3 b5 15. b4
Nh5 16. dxe5 dxe5 17. Nb3 bxa4 18. Nc5 a5 19. Bc4 Nb6 20. Qa2 Bc8 21. Rd2 axb4
22. cxb4 Nxc4 23. Qxc4 a3 24. Ra2 Nf4 25. Bxf4 exf4 26. e5 Re8 27. Qxf4 Be6 28.
Nxe6 Rxe6 29. Re3 g5 30. Qf5 Qb6 31. Rexa3 Rxa3 32. Rxa3 Qxb4 33. Ra7 Re7 34.
Qc8+ Kh7 35. Rxe7 Qxe7 36. Qxc6 Qe6 37. Qxe6 fxe6 38. g4 Kg6 39. Kf1 Kf7 40.
Ke2 Bf8 41. Nd4 Bg7 42. Nf3 Bf8 43. Ne1 Bc5 44. Nd3 Bd4 45. Kf3 Bc3 46. Ke4 Ke7
47. f4 gxf4 48. Nxf4 Kf7 49. Ne2 Be1 50. Nd4 Bd2 51. Nf3 Bc1 52. Kd4 Kg6 53.
Kc5 Ba3+ 54. Kc6 Bb2 55. Kd6 Kf7 56. Nd2 Ba3+ 57. Kd7 Bb4 58. Ne4 1-0

[Event "29th Münsterland Open"]
[Site "Senden"]
[Date "2011.10.23"]
[Round "3.1"]
[White "Landa, Konstantin"]
[Black "Seegers, Hendrik"]
[Result "1-0"]
[WhiteElo "2613"]
[BlackElo "2213"]
[PlyCount "41"]
[EventDate "2011.??.??"]

1. e4 d5 2. exd5 Nf6 3. Nf3 Nxd5 4. d4 g6 5. c4 Nb6 6. Nc3 Bg7 7. c5 Nd5 8. Bc4
c6 9. O-O O-O 10. Re1 Nxc3 11. bxc3 b5 12. Bb3 a5 13. Bg5 Ra7 14. a3 Bf6 15.
Bh6 Bg7 16. Qd2 Nd7 17. Re4 Re8 18. Bxf7+ Kxf7 19. Ng5+ Kg8 20. Qa2+ e6 21.
Rxe6 1-0

[Event "29th Münsterland Open"]
[Site "Senden"]
[Date "2011.10.23"]
[Round "3.2"]
[White "Sazanov, Nikolay"]
[Black "Danin, Alexandre"]
[Result "0-1"]
[WhiteElo "2218"]
[BlackElo "2534"]
[PlyCount "72"]
[EventDate "2011.??.??"]

1. d4 d6 2. f4 Nf6 3. Nf3 g6 4. e3 Bg7 5. Bc4 c5 6. c3 Qc7 7. O-O O-O 8. Nbd2
Nc6 9. Qe1 Rb8 10. a4 cxd4 11. exd4 e6 12. Qh4 Ne7 13. Bd3 Nf5 14. Qe1 b6 15.
h3 Nh5 16. Nb3 Nhg3 17. Bxf5 Nxf5 18. g4 Ne7 19. Qh4 f5 20. Bd2 Nd5 21. Rae1
Nf6 22. Ng5 Qc4 23. Nc1 h6 24. b3 Qd5 25. Nf3 Ne4 26. c4 Qb7 27. Ne2 Qf7 28.
Bc1 Bb7 29. Bb2 a6 30. Ng3 b5 31. gxf5 exf5 32. Nxe4 Bxe4 33. Nd2 bxc4 34. Nxc4
Rxb3 35. Nxd6 Rxb2 36. Nxe4 Qd5 0-1

[Event "29th Münsterland Open"]
[Site "Senden"]
[Date "2011.10.23"]
[Round "3.3"]
[White "Karpatchev, Aleksandr"]
[Black "Korth, Daniel"]
[Result "1-0"]
[WhiteElo "2481"]
[BlackElo "2211"]
[PlyCount "53"]
[EventDate "2011.??.??"]

1. e4 e5 2. Nf3 Nc6 3. Bc4 Nf6 4. d3 Be7 5. O-O O-O 6. Re1 d6 7. a4 Kh8 8. a5
a6 9. Nc3 Ng8 10. Nd5 Be6 11. c3 Qd7 12. b4 Bd8 13. Qb3 f5 14. Ra2 fxe4 15.
dxe4 Bg4 16. Nd2 Bh4 17. Nf1 Nge7 18. Nde3 Bh5 19. Ng3 Bxg3 20. hxg3 Nd8 21.
Nd5 Nxd5 22. exd5 Nf7 23. Bd3 Kg8 24. Qc2 h6 25. Bf5 Qd8 26. g4 g6 27. Be6 1-0

[Event "29th Münsterland Open"]
[Site "Senden"]
[Date "2011.10.23"]
[Round "3.7"]
[White "Steinle, Carsten"]
[Black "Böhm, Jürgen"]
[Result "1/2-1/2"]
[WhiteElo "2115"]
[BlackElo "2218"]
[PlyCount "44"]
[EventDate "2011.??.??"]

1. d4 d5 2. Nf3 Nf6 3. Bf4 c5 4. c3 cxd4 5. cxd4 Qb6 6. Nc3 Qxb2 7. Rc1 Bd7 8.
Qd3 e6 9. Rb1 Qa3 10. Rb3 Qa5 11. Bd2 Qc7 12. Nb5 Bxb5 13. Qxb5+ Nc6 14. Qxb7
Qxb7 15. Rxb7 Bd6 16. e3 O-O 17. Ba6 Ne4 18. O-O Nxd2 19. Nxd2 Nb4 20. Bb5 Rfb8
21. Rxb8+ Rxb8 22. a4 Rc8 1/2-1/2

[Event "29th Münsterland Open"]
[Site "Senden"]
[Date "2011.10.23"]
[Round "3.8"]
[White "Torres-Kuckel, Rafael"]
[Black "Niering, Thorsten"]
[Result "1-0"]
[WhiteElo "2243"]
[BlackElo "2054"]
[PlyCount "95"]
[EventDate "2011.??.??"]

1. e4 g6 2. d4 Bg7 3. Nf3 d6 4. Bc4 e6 5. Bb3 h6 6. Qe2 Ne7 7. c3 a6 8. a4 b6
9. Bf4 Bb7 10. Nbd2 Nd7 11. h4 Nf6 12. e5 Nfd5 13. Bh2 Nf5 14. h5 g5 15. Ne4
Nf4 16. Bxf4 gxf4 17. exd6 Nxd6 18. Ned2 Qf6 19. O-O-O O-O-O 20. Nc4 Kb8 21.
Nce5 Rhe8 22. Bc2 Ka7 23. Rhe1 Qe7 24. Qd2 Bxe5 25. dxe5 Ne4 26. Qxf4 Nxc3 27.
bxc3 Qa3+ 28. Kb1 Bd5 29. Qb4 Qa2+ 30. Kc1 Qa1+ 31. Bb1 c5 32. Qb2 Qxa4 33. Bc2
Qf4+ 34. Re3 Rg8 35. Ne1 Qxf2 36. Red3 Qf4+ 37. Kb1 c4 38. Rd4 Qxe5 39. Qb4 Qc7
40. Kb2 Rc8 41. Be4 Rg5 42. Bxd5 exd5 43. Rxd5 Rxd5 44. Rxd5 Re8 45. Nc2 Re6
46. Qf8 Qe7 47. Qc8 Rd6 48. Nd4 1-0

[Event "29th Münsterland Open"]
[Site "Senden"]
[Date "2011.10.23"]
[Round "3.9"]
[White "Busche, Klaus"]
[Black "Stöckmann, Helmut"]
[Result "1/2-1/2"]
[WhiteElo "2053"]
[BlackElo "2149"]
[PlyCount "99"]
[EventDate "2011.??.??"]

1. d4 Nf6 2. Nf3 e6 3. e3 d5 4. Bd3 c5 5. b3 Nc6 6. O-O Be7 7. Bb2 cxd4 8. exd4
O-O 9. a3 Bd7 10. Nbd2 Be8 11. b4 a6 12. Ne5 Nxe5 13. dxe5 Nd7 14. Qg4 Rc8 15.
Rae1 Rc6 16. Qh3 g6 17. f4 f5 18. Nf3 Bf7 19. Nd4 Rb6 20. g4 Nc5 21. gxf5 Nxd3
22. Qxd3 gxf5 23. Kh1 Bg6 24. Bc1 Kf7 25. Be3 Rg8 26. Rg1 Bh4 27. Re2 Bh5 28.
Reg2 Rxg2 29. Rxg2 Bg6 30. c3 Be7 31. a4 Bxb4 32. cxb4 Rxb4 33. Bg1 Rxa4 34.
Qh3 Qg8 35. Qb3 b5 36. Qc3 Rc4 37. Qa3 Qc8 38. Qh3 Qd8 39. Qh6 Qg8 40. Qh4 Ke8
41. Ra2 Ra4 42. Rxa4 bxa4 43. Nc6 Kd7 44. Ne7 Qa8 45. Bd4 Qb7 46. Nxg6 Qb1+ 47.
Kg2 hxg6 48. Qf2 Qe4+ 49. Kf1 Qb1+ 50. Kg2 1/2-1/2

[Event "29th Münsterland Open"]
[Site "Senden"]
[Date "2011.10.23"]
[Round "3.10"]
[White "Sundorf, Jannik"]
[Black "Freitag, Michael"]
[Result "1/2-1/2"]
[WhiteElo "2147"]
[BlackElo "1692"]
[PlyCount "60"]
[EventDate "2011.??.??"]

1. d4 d5 2. c4 e6 3. Nf3 f5 4. Bf4 c6 5. e3 Nf6 6. Nc3 Bd6 7. Bxd6 Qxd6 8. Qc2
O-O 9. Bd3 Ne4 10. Ne5 Qe7 11. O-O Nd7 12. Nxd7 Bxd7 13. f3 Nd6 14. c5 Ne8 15.
f4 Nf6 16. b4 b6 17. Ba6 Rfb8 18. Rfb1 Ne4 19. Nxe4 fxe4 20. a4 Qe8 21. Ra2 Bc8
22. Bf1 Bd7 23. g3 g6 24. h4 Kg7 25. cxb6 axb6 26. a5 Qc8 27. axb6 Rxa2 28.
Qxa2 Rxb6 29. Qa5 Qb8 30. Rb2 Kf7 1/2-1/2

[Event "29th Münsterland Open"]
[Site "Senden"]
[Date "2011.10.23"]
[Round "4.2"]
[White "Danin, Alexandre"]
[Black "van der Weide, Karel"]
[Result "1-0"]
[WhiteElo "2534"]
[BlackElo "2449"]
[PlyCount "73"]
[EventDate "2011.??.??"]

1. e4 c5 2. Nf3 Nc6 3. d4 cxd4 4. Nxd4 Nf6 5. Nc3 d6 6. Bc4 e6 7. Be3 a6 8. Bb3
Na5 9. f4 Qc7 10. f5 e5 11. Nde2 b5 12. Nd5 Nxd5 13. Bxd5 Bb7 14. Bxb7 Qxb7 15.
Qd3 Nc4 16. O-O-O d5 17. exd5 O-O-O 18. Kb1 Bb4 19. Bc1 Rhe8 20. Qe4 Bf8 21. f6
gxf6 22. Qf5+ Kb8 23. Qxf6 Rxd5 24. Nc3 Rd4 25. Rxd4 exd4 26. Qxd4 Qxg2 27.
Bf4+ Kc8 28. Rd1 Qc6 29. a4 b4 30. Nd5 Kb7 31. Nf6 Rc8 32. Qd7+ Ka8 33. Qxc6+
Rxc6 34. Rd8+ Kb7 35. Rd7+ Kc8 36. Rxf7 Bd6 37. Nd5 1-0

[Event "29th Münsterland Open"]
[Site "Senden"]
[Date "2011.10.23"]
[Round "4.3"]
[White "Schulze, Ulrich"]
[Black "Karpatchev, Aleksandr"]
[Result "1/2-1/2"]
[WhiteElo "2323"]
[BlackElo "2481"]
[PlyCount "87"]
[EventDate "2011.??.??"]

1. d4 d5 2. Nf3 Nf6 3. c4 dxc4 4. e3 a6 5. Bxc4 e6 6. O-O Nbd7 7. Bb3 c5 8. Qe2
b5 9. e4 Bb7 10. d5 c4 11. dxe6 fxe6 12. Bc2 Bd6 13. Rd1 Qb8 14. Nc3 O-O 15. a4
Ne5 16. Nxe5 Bxe5 17. axb5 Bxh2+ 18. Kh1 axb5 19. Rxa8 Bxa8 20. Nxb5 Qxb5 21.
Kxh2 Bxe4 22. Bxe4 Nxe4 23. Be3 Qe5+ 24. f4 Qf5 25. g4 Qg6 26. Rd4 Nf6 27. Kg3
h5 28. g5 Nd5 29. Rxc4 Qf5 30. Bd2 Rb8 31. Bc3 Rf8 32. Be5 Qb1 33. Bd6 Qg1+ 34.
Kh3 Re8 35. Re4 Qh1+ 36. Kg3 Qg1+ 37. Qg2 Qb6 38. Be5 Ne3 39. Qe2 Nf5+ 40. Kh2
h4 41. Rc4 Qb5 42. g6 Ng3 43. Qd3 Qb6 44. Qd7 1/2-1/2

[Event "29th Münsterland Open"]
[Site "Senden"]
[Date "2011.10.23"]
[Round "4.4"]
[White "Böhm, Jürgen"]
[Black "Torres-Kuckel, Rafael"]
[Result "1/2-1/2"]
[WhiteElo "2218"]
[BlackElo "2243"]
[PlyCount "48"]
[EventDate "2011.??.??"]

1. d4 f5 2. Nf3 Nf6 3. h3 d6 4. g4 c6 5. Qd3 g6 6. g5 Nh5 7. Nc3 Na6 8. b3 Bg7
9. Bb2 O-O 10. e3 Be6 11. Be2 Bh8 12. Nh4 Ng7 13. Ng2 Bf7 14. h4 Nb4 15. Qd2 a5
16. Nd1 Re8 17. a3 Nd5 18. c4 Nb6 19. Nf4 e5 20. dxe5 dxe5 21. Qxd8 Raxd8 22.
Nd3 Nd7 23. Nc3 Ne6 24. O-O-O Ndc5 1/2-1/2

[Event "29th Münsterland Open"]
[Site "Senden"]
[Date "2011.10.23"]
[Round "4.5"]
[White "Gottkehaskamp, Philipp"]
[Black "Steinle, Carsten"]
[Result "0-1"]
[WhiteElo "2058"]
[BlackElo "2115"]
[PlyCount "77"]
[EventDate "2011.??.??"]

1. e4 e6 2. d3 d5 3. Qe2 Nf6 4. Nf3 b6 5. Nbd2 Bb7 6. e5 Nfd7 7. g3 c5 8. Bg2
Nc6 9. O-O Qc7 10. Re1 h6 11. h4 Be7 12. h5 O-O-O 13. c4 Nb4 14. Nb1 d4 15. Na3
a6 16. Bd2 Nc6 17. Nc2 g5 18. hxg6 fxg6 19. b4 cxb4 20. Nfxd4 Nxd4 21. Nxd4 Nc5
22. Bxb7+ Qxb7 23. Be3 h5 24. f3 g5 25. Rad1 Rd7 26. Nc2 g4 27. Bxc5 gxf3 28.
Qe4 bxc5 29. Qxb7+ Kxb7 30. Kf2 h4 31. Rf1 Rg8 32. Ne1 hxg3+ 33. Kxf3 Bd8 34.
Kg2 Bc7 35. Rf6 Bxe5 36. Rxe6 Bc7 37. Rd2 Rf8 38. Nf3 Rdf7 39. Ng5 0-1

[Event "29th Münsterland Open"]
[Site "Senden"]
[Date "2011.10.23"]
[Round "4.6"]
[White "Müller, Achim (Rheine)"]
[Black "Sazanov, Nikolay"]
[Result "1/2-1/2"]
[WhiteElo "2102"]
[BlackElo "2218"]
[PlyCount "63"]
[EventDate "2011.??.??"]

1. d4 d5 2. c4 e6 3. Nc3 f5 4. Nf3 c6 5. g3 Nf6 6. Bg2 Bd6 7. O-O Nbd7 8. Qc2
Ne4 9. b3 Qf6 10. Na4 g5 11. Nc5 Rg8 12. Nd3 h5 13. Nfe5 h4 14. f3 hxg3 15.
fxe4 dxe4 16. Bxe4 Qh8 17. hxg3 fxe4 18. Nf7 Qxd4+ 19. e3 Qxd3 20. Qxd3 exd3
21. Nxd6+ Ke7 22. Ne4 c5 23. Bb2 b6 24. Rad1 Bb7 25. Nf2 Bf3 26. Rd2 e5 27.
Nxd3 e4 28. Ne1 Bg4 29. Rh2 Raf8 30. Rh7+ Kd6 31. Rh6+ Ke7 32. Rh7+ 1/2-1/2

[Event "29th Münsterland Open"]
[Site "Senden"]
[Date "2011.10.23"]
[Round "4.7"]
[White "Seegers, Hendrik"]
[Black "Müller, Martin"]
[Result "1/2-1/2"]
[WhiteElo "2213"]
[BlackElo "2078"]
[PlyCount "66"]
[EventDate "2011.??.??"]

1. d4 Nf6 2. Nf3 e6 3. Bf4 c5 4. c3 b6 5. e3 Bb7 6. Nbd2 cxd4 7. exd4 Be7 8. h3
O-O 9. Bd3 d6 10. O-O Nbd7 11. Qe2 Rc8 12. Rfe1 Qc7 13. Rad1 Rfe8 14. Bh2 Qb8
15. Ng5 Bf8 16. Nde4 h6 17. Nxf6+ Nxf6 18. Ne4 Nxe4 19. Bxe4 Bxe4 20. Qxe4 Qa8
21. Qxa8 Rxa8 22. d5 e5 23. f4 f6 24. f5 Rec8 25. Re4 Kf7 26. Kf2 Be7 27. Ke2
Bd8 28. Bg1 b5 29. Rb4 a6 30. Kd3 Rab8 31. Rd2 a5 32. Re4 Bb6 33. Bxb6 Rxb6
1/2-1/2